000 00615nam a2200253Ia 4500
003 OSt
005 20140313135110.0
008 140130s9999 xx 000 0 und d
020 _a0439594251
050 _aPZ 8.3
_b.P125Fal 2003
100 _aPackard, Mary.
245 _cMary Packard.
_aFall Leaves /
260 _bScholastic Inc.,
_c2003.
_aUSA :
300 _a30 p. :
_bcol. ill. ;
_c23 cm.
440 _v1
521 _aG1
526 _c270
650 _aAutumn
_xFiction.
650 _aLeaves
_xFiction.
650 _aStories in rhyme.
942 _cBK
_2lcc
999 _c40068
_d40068